000 00372pab a2200145 454500
008 180718b2000 xxu||||| |||| 00| 0 eng d
100 _aHasan, Mubashr
245 _aThe agenda for good governance in a globalised world
260 _c2000
300 _ap.175-86
362 _aJul-Dec
650 _aPublic administration
773 _aSouth Asian Survey
909 _a46860
999 _c46860
_d46860